Dunia Cicak . Musim 1 Kembara 2 [

Bibliographic Details
Format: Video
Language:English
Published: Selangor : Kartun Studio Sdn.Bhd. 2017
Subjects:

MARC

LEADER 00000cam a2200000 7i4500
001 0000129596
005 20181221.0
008 181221t2009 my 140 j s0 vaeng
040 |a PERPUSTAM   |b eng   |c PERPUSTAM   |e rda 
090 0 0 |a 791.4334   |b NUR 
245 0 0 |a Dunia Cicak .   |n Musim 1 Kembara 2 [  |h [rakaman video]] 
264 1 |a Selangor :   |b Kartun Studio Sdn.Bhd.   |c 2017 
300 |a 1 video disc (45 minute) :   |b sound colour ;   |c 12cm. 
336 |a two-dimensional moving image  |2 rdacontent 
337 |a unmediated  |2 rdamedia 
338 |a video  |2 rdacarrier 
650 1 0 |a Television programs 
650 2 0 |a Animated films 
999 |a 0000541129   |b Digital Video Disc (DVD)   |c Koleksi Media   |e Perbadanan Perpustakaan Awam Melaka 
999 |a 0000541130   |b Digital Video Disc (DVD)   |c Koleksi Media   |e Perpustakaan Cawangan Jasin 
999 |a 0000541131   |b Digital Video Disc (DVD)   |c Koleksi Media   |e Perpustakaan Cawangan Masjid Tanah 
999 |a 0000541132   |b Digital Video Disc (DVD)   |c Koleksi Media   |e Perpustakaan Cawangan Merlimau 
999 |a 0000541133   |b Digital Video Disc (DVD)   |c Koleksi Media   |e Perbadanan Perpustakaan Awam Melaka